ARRUPE JESUIT UNIVERSITY

CORONAVIRUS -STOP THE SPREAD - CLEAN,DISINFECT,COVER

Liturgical resources for Lent and Eastertide / (Record no. 119460)

MARC details
000 -LEADER
fixed length control field 00915cam a2200277 a 4500
001 - CONTROL NUMBER
control field 14016589
003 - CONTROL NUMBER IDENTIFIER
control field ARRUPE
005 - DATE AND TIME OF LATEST TRANSACTION
control field 20131220144309.0
008 - FIXED-LENGTH DATA ELEMENTS--GENERAL INFORMATION
fixed length control field 050608s2004 ie 000 0 eng d
010 ## - LIBRARY OF CONGRESS CONTROL NUMBER
LC control number 2005415965
020 ## - INTERNATIONAL STANDARD BOOK NUMBER
International Standard Book Number 1856074781
035 ## - SYSTEM CONTROL NUMBER
System control number (OCoLC)ocm60578680
040 ## - CATALOGING SOURCE
Original cataloging agency LUU
Transcribing agency LUU
Modifying agency DLC
042 ## - AUTHENTICATION CODE
Authentication code lccopycat
050 00 - LIBRARY OF CONGRESS CALL NUMBER
Classification number BX3003
Item number .053 2004
082 00 - DEWEY DECIMAL CLASSIFICATION NUMBER
Classification number 264
Edition number 22
300 ## - PHYSICAL DESCRIPTION
Dimensions 21 cm.
100 1# - MAIN ENTRY--PERSONAL NAME
Personal name O'Loughlin, Thomas.
9 (RLIN) 6349
245 10 - TITLE STATEMENT
Title Liturgical resources for Lent and Eastertide /
Statement of responsibility, etc Thomas O'Loughlin.
260 ## - PUBLICATION, DISTRIBUTION, ETC. (IMPRINT)
Place of publication, distribution, etc Dublin :
Name of publisher, distributor, etc Columba,
Date of publication, distribution, etc 2004.
300 ## - PHYSICAL DESCRIPTION
Extent 360 p. ;
610 20 - SUBJECT ADDED ENTRY--CORPORATE NAME
Corporate name or jurisdiction name as entry element Catholic Church
General subdivision Liturgy.
9 (RLIN) 6350
610 20 - SUBJECT ADDED ENTRY--CORPORATE NAME
Corporate name or jurisdiction name as entry element Catholic Church.
Title of a work Lectionary (1969 : Great Britain and Ireland)
9 (RLIN) 6351
906 ## - LOCAL DATA ELEMENT F, LDF (RLIN)
a 7
b cbc
c copycat
d 2
e ncip
f 20
g y-gencatlg
942 ## - ADDED ENTRY ELEMENTS (KOHA)
Source of classification or shelving scheme Library of Congress Classification
Koha item type Monograph ( Printed materials)
Holdings
Withdrawn status Lost status Source of classification or shelving scheme Damaged status Not for loan Home library Current library Shelving location Date acquired Total Checkouts Full call number Barcode Date last seen Price effective from Koha item type
    Library of Congress Classification     ARRUPE LIBRARY ARRUPE LIBRARY Main Collection 20/12/2013   BX3003 .053 2004 464122434 22/11/2017 20/12/2013 Monograph ( Printed materials)

 

Arrupe Library. PO Box MP320 Mt Pleasant, Harare, Zimbabwe
263 242 745411|librarian@aju.ac.zw